Movies Quiz

Random Movies Quiz

AFI's 100 Years 100 Movies (clickable) Quiz Stats

 Plays Quiz not verified by Sporcle

Challenge
Share
Tweet
Embed
Score 0/100 Timer 10:00
0 Plays Today
% Correct
2001: A Space Odyssey
86.8%
12 Angry Men
79.3%
A Clockwork Orange
78.1%
A Streetcar Named Desire
74.7%
Casablanca
72.5%
Citizen Kane
72.1%
Apocalypse Now
69.6%
Annie Hall
67.6%
Ben-Hur
66.5%
All About Eve
65.8%
Gone with the Wind
63.2%
Butch Cassidy and the Sundance Kid
62.4%
E.T. The Extra Terrestrial
62.3%
Forrest Gump
61.3%
Chinatown
61.3%
It's a Wonderful Life
60.9%
Dr. Strangelove
59.2%
Lawrence of Arabia
59.1%
One Flew Over the Cuckoo's Nest
59.1%
Schindler's List
58.4%
Bonnie and Clyde
58.1%
Jaws
57.9%
The Godfather
57.6%
Goodfellas
57.5%
Psycho
57.4%
All the President's Men
56.6%
American Graffiti
56.3%
Raging Bull
56.2%
On the Waterfront
55.9%
Silence of the Lambs
55.5%
The Wizard of Oz
54.9%
Singin' in the Rain
54.8%
Taxi Driver
54.6%
North By Northwest
54.6%
% Correct
The Godfather Part II
54.4%
To Kill a Mockingbird
54%
The Graduate
53.8%
Saving Private Ryan
53.7%
Mr. Smith Goes to Washington
53.6%
Some Like It Hot
53.3%
King Kong (1933)
53.2%
Pulp Fiction
53.2%
The Bridge on the River Kwai
53%
The Sound of Music
52.8%
The Shawshank Redemption
52.7%
Blade Runner
52.7%
Rocky
52.6%
Rear Window
52.5%
Raiders of the Lost Ark
52.2%
The Deer Hunter
52.1%
Sunset Boulevard
51.4%
West Side Story
51.1%
Platoon
50.7%
The Maltese Falcon
50.3%
Titanic
50%
Star Wars Episode IV: A New Hope
49.8%
It Happened One Night
49.7%
In the Heat of the Night
49.5%
The French Connection
49.3%
Vertigo
49%
City Lights
48.9%
Snow White and the Seven Dwarfs
48.7%
The Lord of the Rings: The Fellowship of the Ring
48.6%
The African Queen
48.6%
The Grapes of Wrath
48.2%
Cabaret
48.1%
Easy Rider
47.9%
High Noon
47.9%
% Correct
Midnight Cowboy
47.8%
Network
47.5%
Toy Story
47.5%
Duck Soup
47.4%
The Philadelphia Story
45.7%
Spartacus
45.4%
Double Indemnity
45.2%
Unforgiven
45%
A Night at the Opera
45%
M*A*S*H
44.3%
The Apartment
43.7%
The Treasure of the Sierra Madre
43.3%
The Sixth Sense
42%
Modern Times
42%
Who's Afraid of Virginia Woolf?
41.9%
Bringing Up Baby
41.8%
Do the Right Thing
41.6%
Sophie's Choice
41.5%
Tootsie
40.4%
The Best Years of Our Lives
39.3%
Yankee Doodle Dandy
39.3%
The Searchers
37.8%
Shane
37.5%
The Last Picture Show
37.3%
The General
34.6%
Intolerance
34.1%
Nashville
33.8%
The Gold Rush
33%
The Wild Bunch
31.7%
Sullivan's Travels
29.8%
Sunrise
27.9%
Swing Time
25.8%

You're not logged in!

Compare scores with friends on all Sporcle quizzes.
Join for Free
OR
Log In

You Might Also Like...

Show Comments

Extras

Created Apr 19, 2012ReportNominate
Tags:afi, AFI 100, Top 100

Top Quizzes Today


Score Distribution

Your Account Isn't Verified!

In order to create a playlist on Sporcle, you need to verify the email address you used during registration. Go to your Sporcle Settings to finish the process.

Report this User

Report this user for behavior that violates our Community Guidelines.

Details: